000 00316 a2200145 4500
001 74925
020 _a9781408286999
040 _cAnchieta - Colégio São Paulo
100 _aHaper, Katheryn
240 1 0 _aDumbo
_lpor
245 1 0 _aDumbo
300 _a15
650 4 _aLiteratura infantil em inglês
942 _cBK
999 _c74925
_d74925